[Event "1. OEsterreichische Internet Schach Meisterschaft - Vorrunde 3"]
[Site "Online - Playchess.com"]
[Date ""]
[Round "3"]
[Board "12"]
[White "Leisch, Lukas"]
[Black "Polterauer, Chiara"]
[Result "1-0"]
[WhiteElo "2362"]
[BlackElo "2178"]
[PlyCount "67"]
[EventDate "2020.04.17"]
[EventRounds "9"]
[EventCountry "AUT"]

1. c4 c5 2. Nf3 Nc6 3. d4 cxd4 4. Nxd4 Nf6 5. Nc3 g6 6. e4 d6 7. Be2 Bg7 8. Be3 O-O
9. O-O Bd7 10. f3 Rc8 11. Qd2 a6 12. Rfc1 Re8 13. Rab1 Ne5 14. b3 Qa5 15. h3 h5 16.
f4 Nc6 17. Nxc6 Bxc6 18. Bf3 Qc7 19. g4 hxg4 20. hxg4 Qd7 21. Qg2 e5 22. f5 b5 23.
g5 Nh7 24. f6 Bxf6 25. Bg4 Qb7 26. Bxc8 Rxc8 27. gxf6 Nxf6 28. Nd5 Bxd5 29. cxd5
Kg7 30. Rxc8 Qxc8 31. Rc1 Qd7 32. Kf2 b4 33. Kf3 a5 34. Rh1  1-0

[Event "1. OEsterreichische Internet Schach Meisterschaft - Vorrunde 3"]
[Site "Online - Playchess.com"]
[Date ""]
[Round "3"]
[Board "13"]
[White "Rieger, Robert"]
[Black "Borrmann, Laurenz"]
[Result "1-0"]
[WhiteElo "2307"]
[BlackElo "1880"]
[PlyCount "65"]
[EventDate "2020.04.17"]
[EventRounds "9"]
[EventCountry "AUT"]

1. e4 c5 2. Nf3 d6 3. d4 cxd4 4. Nxd4 Nf6 5. Nc3 g6 6. Be3 Bg7 7. f3 a6 8. Qd2 h5
9. Bc4 b5 10. Bd5 Nxd5 11. Nxd5 Bb7 12. O-O-O Nd7 13. Bg5 Bxd5 14. exd5 Ne5 15. Rhe1
Rc8 16. f4 Nc4 17. Bxe7 Nxd2 18. Bxd8+ Kxd8 19. Rxd2 Rc4 20. Nc6+ Kc8 21. Rde2 Rxf4
22. Re7 Rf2 23. Na7+ Kb8 24. Nc6+ Kc8 25. a3 Rf8 26. Ra7 Be5 27. Nxe5 dxe5 28. Ra8+
Kb7 29. Rxf8 Rxg2 30. Rxf7+ Kb6 31. d6 Kc6 32. d7 Kc7 33. Rd1  1-0

[Event "1. OEsterreichische Internet Schach Meisterschaft - Vorrunde 3"]
[Site "Online - Playchess.com"]
[Date ""]
[Round "3"]
[Board "14"]
[White "Mostbauer, Florian"]
[Black "Brod, Manfred"]
[Result "1-0"]
[WhiteElo "2309"]
[BlackElo "2211"]
[PlyCount "81"]
[EventDate "2020.04.17"]
[EventRounds "9"]
[EventCountry "AUT"]

1. c4 c5 2. g3 Nc6 3. Bg2 g6 4. e3 Bg7 5. Ne2 e5 6. O-O Nge7 7. Nbc3 O-O 8. b3 d6
9. Bb2 Be6 10. Nd5 Rb8 11. d4 exd4 12. exd4 b5 13. Nxe7+ Nxe7 14. cxb5 Rxb5 15. Nf4
Bf5 16. Qd2 Qa5 17. Rfd1 Qxd2 18. Rxd2 Bh6 19. dxc5 dxc5 20. Re1 Nc8 21. Bf1 Rb4
22. Bc3 Re4 23. Rxe4 Bxe4 24. Re2 Bc6 25. Bg2 Bxg2 26. Nxg2 Rd8 27. Ne3 Re8 28. Kf1
Nb6 29. Nf5 Rxe2 30. Nxh6+ Kf8 31. Kxe2 Nd5 32. Kd3 Ke7 33. Ng4 Kd6 34. Ne3 Nb6 35.
Nc4+ Nxc4 36. Kxc4 f5 37. f4 Kc6 38. Be5 a6 39. a4 Kb6 40. Bd6 Kc6 41. Bxc5  1-0

[Event "1. OEsterreichische Internet Schach Meisterschaft - Vorrunde 3"]
[Site "Online - Playchess.com"]
[Date ""]
[Round "3"]
[Board "15"]
[White "Enoeckl, Philipp"]
[Black "Knoll, Martin"]
[Result "0-1"]
[WhiteElo "2276"]
[BlackElo "2018"]
[PlyCount "50"]
[EventDate "2020.04.17"]
[EventRounds "9"]
[EventCountry "AUT"]

1. d4 f5 2. Nc3 Nf6 3. Bg5 Ne4 4. Nxe4 fxe4 5. e3 c6 6. c3 Qa5 7. Bf4 d6 8. b4 Qf5
9. Ne2 Nd7 10. Ng3 Qg6 11. Be2 Nf6 12. b5 Bd7 13. Rb1 Qf7 14. Qa4 Nd5 15. Bc4 e6
16. bxc6 bxc6 17. Nxe4 Nxf4 18. exf4 d5 19. Rb7 dxe4 20. O-O Bd6 21. Re1 Qxf4 22.
g3 Qd2 23. Rxe4 O-O 24. Rxd7 Qxf2+ 25. Kh1 Qf3+  0-1

[Event "1. OEsterreichische Internet Schach Meisterschaft - Vorrunde 3"]
[Site "Online - Playchess.com"]
[Date ""]
[Round "3"]
[Board "16"]
[White "Hofer, Maximilian"]
[Black "Belke, Frank"]
[Result "0-1"]
[WhiteElo "2108"]
[BlackElo "2273"]
[PlyCount "84"]
[EventDate "2020.04.17"]
[EventRounds "9"]
[EventCountry "AUT"]

1. e4 e6 2. Nf3 d5 3. e5 c5 4. b4 cxb4 5. a3 Nc6 6. axb4 Bxb4 7. c3 Be7 8. d4 a6
9. Bd3 Bd7 10. O-O Na5 11. Nfd2 Nh6 12. f4 Nf5 13. Nf3 Nc4 14. Qe2 Bb5 15. g4 Nh6
16. h3 Rc8 17. Nbd2 Qd7 18. Rb1 g6 19. Rf2 Ng8 20. Nf1 h5 21. f5 hxg4 22. hxg4 gxf5
23. gxf5 Nh6 24. f6 Bf8 25. Rh2 Rg8+ 26. Kh1 Nf5 27. Nh4 Nxh4 28. Rxh4 Kd8 29. Rh2
Kc7 30. Bxc4 dxc4 31. Ne3 Bc6+ 32. Ng2 Qd5 33. Be3 Kb8 34. Qb2 Rg6 35. Qf2 Ba3 36.
Kg1 Rcg8 37. Kf1 Rxg2 38. Rxg2 Rxg2 39. Qh4 Qf3+ 40. Bf2 Be4 41. Qh8+ Ka7 42. d5+
Qxf2#  0-1

[Event "1. OEsterreichische Internet Schach Meisterschaft - Vorrunde 3"]
[Site "Online - Playchess.com"]
[Date ""]
[Round "3"]
[Board "17"]
[White "Ofner, Maximilian"]
[Black "Breneis, Lukas"]
[Result "0-1"]
[WhiteElo "2177"]
[BlackElo "2257"]
[PlyCount "88"]
[EventDate "2020.04.17"]
[EventRounds "9"]
[EventCountry "AUT"]

1. e4 c5 2. Nf3 e6 3. d3 g6 4. g3 Bg7 5. Bg2 Ne7 6. O-O O-O 7. Nc3 Nbc6 8. Be3 b6
9. Qd2 Re8 10. Bh6 Bh8 11. e5 Rb8 12. Rae1 Nf5 13. Bg5 f6 14. exf6 Bxf6 15. Ne4 Bxg5
16. Nexg5 Bb7 17. Qf4 h6 18. Ne4 d5 19. Nd6 Qxd6 20. Qg4 Kh7 21. h4 Ng7 22. Nd2 e5
23. c4 Nd4 24. cxd5 Bc8 25. Qd1 Bf5 26. Nc4 Qf6 27. a4 h5 28. f4 exf4 29. Rxe8 Rxe8
30. Rxf4 Ne2+ 31. Kf1 Nxf4 32. gxf4 Bg4 33. Qd2 Nf5 34. d6 Ne3+ 35. Kg1 Nxc4 36.
dxc4 Qd4+ 37. Qxd4 cxd4 38. Bc6 Rd8 39. Kf1 d3 40. f5 d2 41. fxg6+ Kg7 42. Bf3 Bxf3
43. Kf2 Bg4 44. Ke3 d1=Q  0-1

[Event "1. OEsterreichische Internet Schach Meisterschaft - Vorrunde 3"]
[Site "Online - Playchess.com"]
[Date ""]
[Round "3"]
[Board "18"]
[White "Peyrer, Konstantin"]
[Black "Schein, Karl-Heinz"]
[Result "1/2-1/2"]
[WhiteElo "2286"]
[BlackElo "2187"]
[PlyCount "71"]
[EventDate "2020.04.17"]
[EventRounds "9"]
[EventCountry "AUT"]

1. e4 e5 2. Nf3 Nc6 3. Bb5 a6 4. Ba4 Nf6 5. O-O Nxe4 6. d4 b5 7. Bb3 d5 8. dxe5 Be6
9. Be3 Bc5 10. Bxc5 Nxc5 11. c3 Nxb3 12. axb3 O-O 13. Na3 Bg4 14. Re1 Re8 15. h3
Bxf3 16. Qxf3 Nxe5 17. Qg3 Ng6 18. Rxe8+ Qxe8 19. Qxc7 Qe2 20. Qb7 Rf8 21. Qxa6 Qxb2
22. Nxb5 Qxb3 23. Qc6 Ne5 24. Qb7 Nd3 25. Ra8 g6 26. Rxf8+ Kxf8 27. Qc8+ Kg7 28.
Nc7 Qd1+ 29. Kh2 Qe2 30. Ne8+ Kh6 31. Qd8 Qxf2 32. Qxd5 Qf4+ 33. Kg1 Qf2+ 34. Kh2
Qf4+ 35. Kg1 Qf2+ 36. Kh2  1/2-1/2

[Event "1. OEsterreichische Internet Schach Meisterschaft - Vorrunde 3"]
[Site "Online - Playchess.com"]
[Date ""]
[Round "3"]
[Board "19"]
[White "Wohlfahrt, Herbert"]
[Black "Wagner, Leopold Franziskus"]
[Result "1-0"]
[WhiteElo "2285"]
[BlackElo "2168"]
[PlyCount "35"]
[EventDate "2020.04.17"]
[EventRounds "9"]
[EventCountry "AUT"]

1. Nf3 d5 2. c4 e5 3. Nxe5 Bd6 4. d4 Nf6 5. Nc3 c6 6. Bg5 Nbd7 7. Nxd7 Bxd7 8. e3
O-O 9. Bd3 Be6 10. cxd5 cxd5 11. O-O a6 12. Rc1 Qd7 13. Bxf6 gxf6 14. Qh5 f5 15.
Nxd5 f6 16. Nb6 Bxh2+ 17. Qxh2 Qe7 18. Rc7  1-0

[Event "1. OEsterreichische Internet Schach Meisterschaft - Vorrunde 3"]
[Site "Online - Playchess.com"]
[Date ""]
[Round "3"]
[Board "20"]
[White "Gelbenegger, Patrick"]
[Black "Buchegger, Fridolin"]
[Result "1-0"]
[WhiteElo "2240"]
[BlackElo "1827"]
[PlyCount "74"]
[EventDate "2020.04.17"]
[EventRounds "9"]
[EventCountry "AUT"]

1. e4 e5 2. Nf3 Nc6 3. Bc4 Bc5 4. c3 Nf6 5. b4 Bb6 6. d3 d6 7. a4 a6 8. O-O O-O 9.
Nbd2 Be6 10. Bb3 h6 11. Nc4 Ba7 12. Be3 Bxe3 13. fxe3 Qd7 14. Ncd2 d5 15. exd5 Nxd5
16. Bxd5 Bxd5 17. e4 Be6 18. Qc2 Rad8 19. b5 axb5 20. axb5 Ne7 21. Nxe5 Qd6 22. d4
f6 23. Nec4 Bxc4 24. Nxc4 Qe6 25. Ne3 Ng6 26. Nf5 Rfe8 27. Ng3 Qb6 28. Kh1 Qxb5 29.
e5 Nf8 30. exf6 gxf6 31. Rxf6 Kg7 32. Raf1 Re6 33. Rf7+ Kg8 34. Qf5 Qe2 35. Rxf8+
Rxf8 36. Qxf8+ Kh7 37. Nxe2 Rxe2  1-0

[Event "1. OEsterreichische Internet Schach Meisterschaft - Vorrunde 3"]
[Site "Online - Playchess.com"]
[Date ""]
[Round "3"]
[Board "21"]
[White "Kwech, Andreas"]
[Black "Schwabeneder, Florian"]
[Result "1/2-1/2"]
[WhiteElo "1901"]
[BlackElo "2431"]
[PlyCount "81"]
[EventDate "2020.04.17"]
[EventRounds "9"]
[EventCountry "AUT"]

1. e4 d5 2. exd5 Qxd5 3. Nc3 Qd6 4. d4 Nf6 5. Nf3 c6 6. Be2 Bg4 7. Be3 e6 8. Qd2
Be7 9. O-O-O Nbd7 10. h3 Bh5 11. Kb1 Qc7 12. a3 O-O-O 13. g4 Bg6 14. Bd3 Bxd3 15.
Qxd3 Nd5 16. Nxd5 cxd5 17. Rc1 Kb8 18. c4 dxc4 19. Rxc4 Qd6 20. Rhc1 Nb6 21. R4c2
Nd5 22. Bd2 h6 23. Ne5 Rhf8 24. Nc4 Qa6 25. Qb3 f6 26. Ne3 Qd6 27. Nc4 Qa6 28. Ne3
Nxe3 29. Bxe3 Rc8 30. Bf4+ Bd6 31. Rxc8+ Rxc8 32. Rxc8+ Kxc8 33. Qxe6+ Kc7 34. Bxd6+
Qxd6 35. Qxd6+ Kxd6 36. Kc2 Kd5 37. Kd3 b5 38. b4 g6 39. f3 f5 40. Kc3 a6 41. Kd3
 1/2-1/2

[Event "1. OEsterreichische Internet Schach Meisterschaft - Vorrunde 3"]
[Site "Online - Playchess.com"]
[Date ""]
[Round "3"]
[Board "22"]
[White "Flir, Emilio"]
[Black "Alvir, Aco"]
[Result "0-1"]
[WhiteElo "1843"]
[BlackElo "2338"]
[PlyCount "132"]
[EventDate "2020.04.17"]
[EventRounds "9"]
[EventCountry "AUT"]

1. d4 Nf6 2. c4 g6 3. Nf3 Bg7 4. Nc3 O-O 5. g3 d6 6. Bg2 c6 7. O-O Qa5 8. Bd2 Qh5
9. Re1 Bh3 10. e4 Bg4 11. e5 Nfd7 12. exd6 exd6 13. Be3 Nf6 14. Bf4 Rd8 15. Re7 Nbd7
16. Bxd6 Bf8 17. Rxd7 Rxd7 18. Bxf8 Rxf8 19. Qd3 Qf5 20. Qxf5 Bxf5 21. Rd1 Rfd8 22.
Ne2 Bc2 23. Rd2 Be4 24. Ne5 Re7 25. f4 Bxg2 26. Kxg2 Ne4 27. Rd3 f6 28. Ng4 Kg7 29.
Ne3 Nc5 30. Rc3 Rde8 31. Kf3 Ne4 32. Rd3 a5 33. Nc3 Nxc3 34. Rxc3 Kf7 35. d5 c5 36.
Rd3 Re4 37. b3 Rd4 38. Ke2 Rxd3 39. Kxd3 b6 40. Nc2 Ke7 41. Ne3 Kd6 42. Ng4 Rf8 43.
Ne3 h5 44. h4 f5 45. a4 Re8 46. Kd2 Re4 47. Kd3 Rd4+ 48. Kc2 Ke7 49. Kc3 Kf6 50.
Kc2 Ke7 51. Kc3 Kf6 52. Kc2 g5 53. hxg5+ Kg6 54. Kc3 h4 55. gxh4 Rxf4 56. Kd3 Rd4+
57. Kc3 Rxh4 58. d6 f4 59. Nd5 Rh3+ 60. Kd2 Kxg5 61. d7 Rh8 62. Nxb6 Rd8 63. Ke2
Kg4 64. Kf2 f3 65. Kf1 Kg3 66. Kg1 Rh8  0-1

[Event "1. OEsterreichische Internet Schach Meisterschaft - Vorrunde 3"]
[Site "Online - Playchess.com"]
[Date ""]
[Round "3"]
[Board "23"]
[White "Morgunov, Marc"]
[Black "Auinger, Marcel"]
[Result "1-0"]
[WhiteElo "2341"]
[BlackElo "1808"]
[PlyCount "63"]
[EventDate "2020.04.17"]
[EventRounds "9"]
[EventCountry "AUT"]

1. e4 c6 2. Nc3 d5 3. Nf3 Bg4 4. h3 Bxf3 5. Qxf3 d4 6. Nb1 c5 7. Bc4 e6 8. Bb5+ Nc6
9. Bxc6+ bxc6 10. d3 Bd6 11. O-O Nf6 12. b3 Qc7 13. a4 O-O 14. Na3 Nd7 15. Nc4 Ne5
16. Nxe5 Bxe5 17. Qe2 Bd6 18. f4 e5 19. f5 Be7 20. g4 Qd8 21. Qd2 h6 22. Qf2 Bg5
23. Qg3 Bxc1 24. Raxc1 Qf6 25. h4 Qd6 26. g5 hxg5 27. hxg5 f6 28. g6 Rfd8 29. Qh4
Kf8 30. Qh8+ Ke7 31. Qxg7+ Ke8 32. Qf7#  1-0

[Event "1. OEsterreichische Internet Schach Meisterschaft - Vorrunde 3"]
[Site "Online - Playchess.com"]
[Date ""]
[Round "3"]
[Board "24"]
[White "Hiermann, Dietmar"]
[Black "Wimmer, Kevin"]
[Result "0-1"]
[WhiteElo "2250"]
[BlackElo "1944"]
[PlyCount "154"]
[EventDate "2020.04.17"]
[EventRounds "9"]
[EventCountry "AUT"]

1. e4 e5 2. Nf3 Nc6 3. Bc4 Bc5 4. O-O Nf6 5. d3 a6 6. c3 Ba7 7. Re1 d6 8. Nbd2 h6
9. Nf1 O-O 10. Bb3 Nh5 11. d4 Qf6 12. Be3 Nf4 13. Qd2 Nh3+ 14. Kh1 Bg4 15. Bd1 g5
16. dxe5 dxe5 17. Bxa7 Rxa7 18. Qe3 Nf4 19. Ng3 Raa8 20. h3 Be6 21. Bb3 Rad8 22.
Rad1 Qe7 23. Nf5 Bxf5 24. exf5 Rxd1 25. Bxd1 Re8 26. Qe4 Qc5 27. Kg1 f6 28. Bb3+
Kg7 29. Rd1 Rd8 30. Rxd8 Nxd8 31. Qe3 Qd6 32. Qd2 Qxd2 33. Nxd2 Nd3 34. Nc4 b5 35.
Ne3 c6 36. Nd1 Kf8 37. g4 Ke7 38. Bc2 Nf4 39. Kh2 Kd6 40. Be4 c5 41. Ne3 Nc6 42.
f3 Ne7 43. Kg3 Ned5 44. Bxd5 Nxd5 45. Nd1 Nf4 46. Nf2 c4 47. Ne4+ Ke7 48. Nc5 a5
49. Nb7 Nd3 50. Nxa5 Nxb2 51. Nc6+ Kd6 52. Na7 Kc5 53. Nc8 Nd1 54. Ne7 Nxc3 55. Kf2
Nxa2 56. Ke2 b4 57. Kd2 b3 58. Ng8 c3+ 59. Kd1 c2+ 60. Ke2 c1=Q 61. Nxf6 Qc2+ 62.
Ke3 Qc3+ 63. Ke2 b2 64. Ne4+ Kd4 65. Nxc3 Kxc3 66. f6 b1=Q 67. f7 Qb8 68. Ke3 Qf8
69. Ke4 Qxf7 70. Kxe5 Qf4+ 71. Ke6 Qxf3 72. Ke5 Qxh3 73. Kf5 Qf3+ 74. Kg6 Qxg4 75.
Kf6 Qf4+ 76. Kg6 g4 77. Kh5 Qg5#  0-1

[Event "1. OEsterreichische Internet Schach Meisterschaft - Vorrunde 3"]
[Site "Online - Playchess.com"]
[Date ""]
[Round "3"]
[Board "25"]
[White "Hofmann, Thomas"]
[Black "Dreher, David"]
[Result "1-0"]
[WhiteElo "2215"]
[BlackElo "1888"]
[PlyCount "61"]
[EventDate "2020.04.17"]
[EventRounds "9"]
[EventCountry "AUT"]

1. d4 d5 2. c4 Nc6 3. cxd5 Qxd5 4. e3 e5 5. Nc3 Bb4 6. Bd2 Bxc3 7. bxc3 Nf6 8. c4
Qd6 9. d5 Ne7 10. Qb3 Nd7 11. Bb4 Nc5 12. Qa3 b6 13. Nf3 Bg4 14. Be2 O-O 15. O-O
f5 16. Bxc5 bxc5 17. Qb2 Bxf3 18. Bxf3 e4 19. Be2 Rab8 20. Qa3 Rb7 21. Rab1 Rfb8
22. Rxb7 Rxb7 23. Qa4 Kf7 24. h3 g6 25. f3 Rb2 26. Qd1 exf3 27. Bxf3 Rxa2 28. e4
fxe4 29. Bxe4+ Kg7 30. Qf3 Qe5 31. Qf8#  1-0

[Event "1. OEsterreichische Internet Schach Meisterschaft - Vorrunde 3"]
[Site "Online - Playchess.com"]
[Date ""]
[Round "3"]
[Board "26"]
[White "Streiter, Gerhard"]
[Black "Kravanja, Georg"]
[Result "1-0"]
[WhiteElo "1973"]
[BlackElo "2199"]
[PlyCount "121"]
[EventDate "2020.04.17"]
[EventRounds "9"]
[EventCountry "AUT"]

1. e4 c6 2. Nc3 d5 3. Nf3 Bg4 4. h3 Bxf3 5. Qxf3 e6 6. g3 Nf6 7. Bg2 dxe4 8. Nxe4
Nxe4 9. Qxe4 Qd5 10. O-O Qxe4 11. Bxe4 Nd7 12. d4 O-O-O 13. c3 c5 14. Be3 cxd4 15.
Bxd4 f6 16. Rad1 Bc5 17. f4 Bxd4+ 18. Rxd4 Nc5 19. Rxd8+ Rxd8 20. Bxh7 f5 21. h4
Ne4 22. Bg6 Nxg3 23. Rf3 Ne4 24. Bf7 Rd5 25. Bxe6+ Rd7 26. Bxd7+ Kxd7 27. Kg2 Ke6
28. Rd3 Ke7 29. Kf3 Nc5 30. Rd5 Na4 31. Rxf5 a6 32. Re5+ Kf6 33. Re2 Nc5 34. b4 Na4
35. c4 Nc3 36. Rc2 Na4 37. c5 Ke6 38. Ke4 Kd7 39. f5 Kc6 40. Ke5 a5 41. a3 Kb5 42.
f6 gxf6+ 43. Kxf6 axb4 44. axb4 Kxb4 45. h5 Kb3 46. Rc1 Kb2 47. Rc4 Kb3 48. Rxa4
Kxa4 49. h6 Kb5 50. h7 Kxc5 51. h8=Q b5 52. Qc8+ Kb4 53. Ke5 Kb3 54. Kd4 b4 55. Qc4+
Ka3 56. Qa6+ Kb2 57. Qe2+ Ka3 58. Kc4 b3 59. Qd3 Ka2 60. Qxb3+ Ka1 61. Qg3  1-0

[Event "1. OEsterreichische Internet Schach Meisterschaft - Vorrunde 3"]
[Site "Online - Playchess.com"]
[Date ""]
[Round "3"]
[Board "28"]
[White "Lichtl, Erich"]
[Black "Weichhart, Daniel"]
[Result "0-1"]
[WhiteElo "2096"]
[BlackElo "1648"]
[PlyCount "148"]
[EventDate "2020.04.17"]
[EventRounds "9"]
[EventCountry "AUT"]

1. d4 e6 2. Nc3 Nf6 3. Bf4 d5 4. e3 Bd6 5. Bd3 Bxf4 6. exf4 Nbd7 7. Nce2 c5 8. c3
Qb6 9. Rb1 O-O 10. Nf3 Qc7 11. O-O b6 12. Ne5 Ne4 13. f3 Nd6 14. Kh1 f6 15. Ng4 Nf5
16. Bxf5 exf5 17. Ne3 Nb8 18. Nxd5 Qd6 19. Ne3 Re8 20. Qd3 Qe6 21. Rbe1 Qxe3 22.
Qd1 Qe6 23. d5 Qd7 24. c4 Ba6 25. b3 b5 26. Qc2 bxc4 27. bxc4 Qc8 28. Ng3 Nd7 29.
Nxf5 Rxe1 30. Rxe1 Kf8 31. Ne7 Qd8 32. Qxh7 Qxe7 33. Rxe7 Kxe7 34. Qxg7+ Kd6 35.
h4 Re8 36. h5 Bxc4 37. h6 Bxd5 38. h7 c4 39. h8=Q Rxh8+ 40. Qxh8 c3 41. Qc8 Bc6 42.
Qa6 Nc5 43. Qc4 Na4 44. Kh2 a6 45. Kg3 Bb5 46. Qd4+ Kc6 47. Qxf6+ Kc5 48. Qf5+ Kc4
49. Kh4 Kb4 50. g4 Ka3 51. g5 Kb2 52. g6 c2 53. Qe5+ Kxa2 54. Qe1 Kb2 55. Qd2 Kb1
56. g7 Bc4 57. Qb4+ Nb2 58. Qxc4 Nxc4 59. g8=Q c1=Q 60. Qb8+ Nb2 61. f5 Qh1+ 62.
Kg5 Qxf3 63. Kg6 Qg4+ 64. Kf6 a5 65. Qb5 Qd4+ 66. Ke7 Qe4+ 67. Kf6 a4 68. Kg7 a3
69. f6 Qd4 70. Qf1+ Ka2 71. Kg8 Qc4+ 72. f7 Qxf1 73. f8=Q Qxf8+ 74. Kxf8 Kb1  0-1

[Event "1. OEsterreichische Internet Schach Meisterschaft - Vorrunde 3"]
[Site "Online - Playchess.com"]
[Date ""]
[Round "3"]
[Board "29"]
[White "Stolzlechner, Thomas"]
[Black "Meglitsch, Konstantin"]
[Result "0-1"]
[WhiteElo "2037"]
[BlackElo "2041"]
[PlyCount "74"]
[EventDate "2020.04.17"]
[EventRounds "9"]
[EventCountry "AUT"]

1. e4 e6 2. d4 d5 3. Nd2 c5 4. exd5 Qxd5 5. Ngf3 cxd4 6. Bc4 Qd6 7. O-O Nf6 8. Nb3
Nc6 9. Nbxd4 Nxd4 10. Qxd4 a6 11. Bf4 Qxd4 12. Nxd4 Bc5 13. Nb3 Be7 14. Rad1 Bd7
15. Rfe1 Rc8 16. Bd3 O-O 17. c3 Nd5 18. Bg3 Bf6 19. Be4 Bc6 20. Bf3 Rfd8 21. Nd4
Bxd4 22. Rxd4 Ne7 23. Red1 Rxd4 24. Rxd4 Bxf3 25. gxf3 Nd5 26. f4 Kf8 27. Kf1 Ke7
28. Ke2 f6 29. Kf3 b5 30. f5 Rc4 31. Rd2 Rc6 32. fxe6 Kxe6 33. Ke4 Nb6 34. Re2 Nc4
35. Kd4+ Kf7 36. Kd5 Rc8 37. b3 Rd8+  0-1

[Event "1. OEsterreichische Internet Schach Meisterschaft - Vorrunde 3"]
[Site "Online - Playchess.com"]
[Date ""]
[Round "3"]
[Board "30"]
[White "Huber, Martin Christian"]
[Black "Stolzlechner, Andreas"]
[Result "1-0"]
[WhiteElo "2341"]
[BlackElo "1883"]
[PlyCount "71"]
[EventDate "2020.04.17"]
[EventRounds "9"]
[EventCountry "AUT"]

1. d4 d5 2. c4 c6 3. Nf3 Nf6 4. Nbd2 e6 5. g3 Nbd7 6. Bg2 Be7 7. O-O O-O 8. Qc2 b6
9. e4 dxe4 10. Ng5 h6 11. Ngxe4 Nxe4 12. Nxe4 Bb7 13. Bf4 Nf6 14. Rad1 Nxe4 15. Bxe4
Bg5 16. Bxg5 Qxg5 17. f4 Qe7 18. c5 b5 19. Qg2 Qc7 20. h4 Rad8 21. h5 Rd7 22. Bc2
Re7 23. Qe4 f5 24. Qe5 Qd8 25. Bb3 Bc8 26. Rfe1 Qe8 27. Qe2 Kh7 28. Kf2 Qf7 29. Qf3
Bb7 30. Re5 Rd8 31. Rde1 Rxd4 32. Bxe6 Rd2+ 33. Kg1 Qf6 34. Bxf5+ Kh8 35. Rxe7 g6
36. Re8+  1-0

[Event "1. OEsterreichische Internet Schach Meisterschaft - Vorrunde 3"]
[Site "Online - Playchess.com"]
[Date ""]
[Round "3"]
[Board "31"]
[White "Hechl, Gerald"]
[Black "Leisenberger, Harald"]
[Result "1-0"]
[WhiteElo "2333"]
[BlackElo "2144"]
[PlyCount "47"]
[EventDate "2020.04.17"]
[EventRounds "9"]
[EventCountry "AUT"]

1. d4 Nf6 2. Bg5 d5 3. Bxf6 gxf6 4. c4 dxc4 5. e3 c5 6. Bxc4 cxd4 7. Nc3 Nc6 8. Qh5
e6 9. O-O-O Qa5 10. Qxa5 Nxa5 11. Bb5+ Ke7 12. exd4 a6 13. Be2 Bh6+ 14. Kb1 Bd7 15.
d5 Rac8 16. Nf3 Rhg8 17. g3 e5 18. Rhe1 Bf5+ 19. Ka1 Nc4 20. Nd4 Bg6 21. d6+ Kd7
22. Bg4+ f5 23. Nxf5 Kd8 24. Nxh6  1-0

[Event "1. OEsterreichische Internet Schach Meisterschaft - Vorrunde 3"]
[Site "Online - Playchess.com"]
[Date ""]
[Round "3"]
[Board "32"]
[White "Hoelzl, Bernhard"]
[Black "Neuschmied, Siegfried"]
[Result "1/2-1/2"]
[WhiteElo "1392"]
[BlackElo "2268"]
[PlyCount "174"]
[EventDate "2020.04.17"]
[EventRounds "9"]
[EventCountry "AUT"]

1. d4 Nf6 2. Bf4 d5 3. Nf3 c5 4. e3 Nc6 5. c3 Qb6 6. Qb3 c4 7. Qxb6 axb6 8. Nbd2
Bf5 9. Ne5 b5 10. f3 e6 11. g4 Bc2 12. Be2 b4 13. Kf2 Nxe5 14. Bxe5 Nd7 15. Bf4 b5
16. Rhc1 Bg6 17. h4 h6 18. e4 Be7 19. h5 Bh7 20. exd5 exd5 21. Nf1 Nb6 22. Ne3 Kd7
23. Nd1 Rhe8 24. b3 Ra3 25. cxb4 Bxb4 26. bxc4 bxc4 27. Nb2 Rea8 28. g5 hxg5 29.
Bxg5 Rxa2 30. Rxa2 Rxa2 31. Nd1 Bd3 32. Kg3 Rxe2 33. Nf2 Bd6+ 34. Kg2 Bf5 35. Ra1
Kc6 36. Ra7 c3 37. Rxf7 Be6 38. Rxg7 c2 39. h6 Bf5 40. Rf7 Bd3 41. Kg1 Re1+ 42. Kg2
Bf1+ 43. Kg1 Ba3 44. h7 Bd3+ 45. Kg2 Bxh7 46. Rxh7 c1=Q 47. Bxc1 Bxc1 48. Rg7 Re2
49. Kg3 Be3 50. Rg6+ Kb5 51. Ng4 Bxd4 52. f4 Bc3 53. f5 Re8 54. f6 Rf8 55. Kf4 Nc4
56. Kf5 Kc5 57. Ke6 Nd6 58. Ke7 Rf7+ 59. Ke6 Ba5 60. Nh6 Rf8 61. f7 Bd8 62. Rg8 Rxf7
63. Nxf7 Nxf7 64. Kxf7 Ba5 65. Rc8+ Kd4 66. Ke6 Ke4 67. Ra8 Bc3 68. Ra4+ d4 69. Kd6
Ke3 70. Kc5 d3 71. Ra3 Bd4+ 72. Kc4 Ke4 73. Rxd3 Be5 74. Rd1 Bf4 75. Re1+ Kf5 76.
Kd5 Bd2 77. Rf1+ Kg4 78. Ke4 Kg5 79. Rf2 Bc3 80. Rf3 Ba1 81. Rf1 Bb2 82. Rg1+ Kf6
83. Kd5 Bc3 84. Rg3 Bb2 85. Re3 Ba1 86. Kd6 Kf5 87. Re8 Bb2  1/2-1/2

[Event "1. OEsterreichische Internet Schach Meisterschaft - Vorrunde 3"]
[Site "Online - Playchess.com"]
[Date ""]
[Round "3"]
[Board "33"]
[White "Rosol, Philip"]
[Black "Steindl, Johannes"]
[Result "0-1"]
[WhiteElo "1468"]
[BlackElo "2278"]
[PlyCount "64"]
[EventDate "2020.04.17"]
[EventRounds "9"]
[EventCountry "AUT"]

1. e4 e5 2. Nf3 Nc6 3. Bb5 a6 4. Bxc6 dxc6 5. O-O Bg4 6. h3 h5 7. d3 Qf6 8. Nbd2
g5 9. Re1 Be6 10. Nh2 Qg7 11. Ndf1 Bd6 12. Qd2 f6 13. Ne3 Ne7 14. Nc4 Bc5 15. Qe2
g4 16. h4 g3 17. Be3 gxh2+ 18. Kxh2 Bxe3 19. Qxe3 Rg8 20. g3 Qg4 21. Rh1 Ng6 22.
f3 Qh3+ 23. Kg1 Qxg3+ 24. Kf1 Nf4 25. Qf2 O-O-O 26. Rg1 Qxf2+ 27. Kxf2 Nh3+ 28. Ke2
Nxg1+ 29. Rxg1 Rxg1 30. Ne3 Rdg8 31. Kd2 Rh1 32. Kc3 Rxh4  0-1

[Event "1. OEsterreichische Internet Schach Meisterschaft - Vorrunde 3"]
[Site "Online - Playchess.com"]
[Date ""]
[Round "3"]
[Board "34"]
[White "Balint, Peter"]
[Black "Perhinig, Robert"]
[Result "0-1"]
[WhiteElo "2105"]
[BlackElo "2252"]
[PlyCount "148"]
[EventDate "2020.04.17"]
[EventRounds "9"]
[EventCountry "AUT"]

1. e4 e6 2. d4 d5 3. Nc3 Bb4 4. e5 c5 5. a3 Ba5 6. b4 cxd4 7. Nb5 Bc7 8. f4 Ne7 9.
Nf3 Bd7 10. Nxc7+ Qxc7 11. Bd2 Nf5 12. Bd3 Ne3 13. Qe2 Nxc2+ 14. Bxc2 Qxc2 15. Nxd4
Qe4 16. Qxe4 dxe4 17. O-O O-O 18. Rfe1 Bc6 19. Nxc6 Nxc6 20. Rxe4 Rfd8 21. Bc3 Rd5
22. Rc1 Rad8 23. Kf2 h6 24. Re2 a6 25. Rcc2 Nd4 26. Bxd4 Rxd4 27. g3 R8d7 28. Rc3
g5 29. f5 exf5 30. Rf3 f4 31. e6 fxe6 32. Rxe6 Rd2+ 33. Kg1 Rd1+ 34. Kg2 fxg3 35.
Kxg3 Kg7 36. Rff6 R1d3+ 37. Kg2 Rd2+ 38. Kg1 Rd1+ 39. Kg2 R7d2+ 40. Kg3 Rg1+ 41.
Kf3 Rf1+ 42. Ke3 Rxf6 43. Re7+ Rf7 44. Rxf7+ Kxf7 45. Kxd2 Kf6 46. Ke3 Kf5 47. Kf3
h5 48. h3 g4+ 49. hxg4+ hxg4+ 50. Kg3 Kg5 51. a4 b5 52. a5 Kf5 53. Kf2 Kf4 54. Kg2
Ke4 55. Kg1 Kd4 56. Kg2 Kc4 57. Kg3 Kxb4 58. Kxg4 Kxa5 59. Kf3 Kb4 60. Kf2 Kc3 61.
Ke1 Kc2 62. Ke2 b4 63. Ke3 b3 64. Kd4 b2 65. Kc5 b1=Q 66. Kc6 a5 67. Kc7 a4 68. Kd6
a3 69. Kd7 a2 70. Ke6 a1=Q 71. Ke7 Qb7+ 72. Ke6 Qe1+ 73. Kf5 Qee4+ 74. Kf6 Qbe7#
 0-1

[Event "1. OEsterreichische Internet Schach Meisterschaft - Vorrunde 3"]
[Site "Online - Playchess.com"]
[Date ""]
[Round "3"]
[Board "35"]
[White "Bachner, Karsten"]
[Black "Steiner, Adam"]
[Result "0-1"]
[WhiteElo "1997"]
[BlackElo "2251"]
[PlyCount "46"]
[EventDate "2020.04.17"]
[EventRounds "9"]
[EventCountry "AUT"]

1. e4 c6 2. d4 d5 3. Nc3 dxe4 4. Nxe4 Nd7 5. Nf3 Ngf6 6. Nxf6+ Nxf6 7. Bd3 Bg4 8.
c3 e6 9. h3 Bh5 10. Bf4 Bd6 11. Bxd6 Qxd6 12. g4 Bg6 13. Qe2 Nd5 14. Bxg6 hxg6 15.
Qe4 Qf4 16. Qd3 O-O-O 17. Qd2 Qxf3 18. Rh2 Nf4 19. Qe3 Ng2+ 20. Rxg2 Qxg2 21. O-O-O
Rxh3 22. Qf4 Rf3 23. Qe5 Rxf2  0-1